Bird Quiz - Statistics

General Stats
  • This quiz has been taken 31 times
  • The average score is 7 of 15
Answer Stats
Hint Answer % Correct
Known for peace Doves
88%
Hedwig from Harry Potter was this Snowy Owl
88%
The heaviest bird Ostrich
82%
The smallest bird Bee Hummingbird
65%
Which bird's quack does not echo (myth) Duck
65%
The fastest flying bird Peregrine Falcon
65%
Scientific name for birds Aves
59%
The most dangerous bird The Cassowary
41%
The oldest bird alive Laysan albatross
35%
A symbol of passion and honor Robin
24%
What is a male swan called Cob
18%
The only bird without wings (Extinct) The Moa
18%
The highest flying bird Bar-tailed Godwit
6%
The smallest flightless bird Inaccessible Island rail
6%
Found on every continent in the world Wilson’s storm-petrel
6%
No matching quizzes found
Score Distribution
Percent of People with Each Score
Percentile by Number Answered
Your Score History
You have not taken this quiz